| 000 | 00813nam a2200241Ia 4500 | ||
|---|---|---|---|
| 003 | OSt | ||
| 005 | 20220926021801.0 | ||
| 006 | a|||||r|||| 00| 0 | ||
| 007 | ta | ||
| 008 | 220923b |||||||| |||| 00| 0 eng d | ||
| 037 | _cGeneral Book | ||
| 040 |
_aRTL _cRTL _beng |
||
| 041 |
_2eng _aeng |
||
| 082 | _aX.5.N60r, L8 /UN | ||
| 110 |
_aUNITED NATIONS, EUROPE (Economic Commission for-), ECONOMIC AND SOCIAL COUNCIL, OFFICIAL RECORDS _9326883 |
||
| 245 | 0 | _aAnnual report | |
| 260 |
_aNew York _bUnited Nations _c1978 |
||
| 300 |
_avarious paginattion _ccm. |
||
| 500 | _aSupplement no. 7 | ||
| 700 |
_aUNITED NATIONS, EUROPE (Economic Commission for-), ECONOMIC AND SOCIAL COUNCIL, OFFICIAL RECORDS _9326884 |
||
| 942 |
_hX.5.N60r, L8 /UN _cGB _2CC |
||
| 999 |
_c637640 _d637640 |
||